<?xml version="1.0" encoding="UTF-8"?>
<marc:record xmlns:marc="http://www.loc.gov/MARC21/slim">
   <marc:leader>00000nam a2200000 a 4500</marc:leader>
   <marc:datafield ind1="1" ind2=" " tag="100">
      <marc:subfield code="a">Hornby, Nick</marc:subfield>
      <marc:subfield code="4">aut</marc:subfield>
      <marc:subfield code="e">Verfasser/-in</marc:subfield>
   </marc:datafield>
   <marc:datafield ind1="0" ind2="0" tag="245">
      <marc:subfield code="a">A Long Way Down</marc:subfield>
   </marc:datafield>
   <marc:datafield ind1="0" ind2="0" tag="245">
      <marc:subfield code="c">Nick Hornby</marc:subfield>
   </marc:datafield>
   <marc:datafield ind1=" " ind2="1" tag="264">
      <marc:subfield code="a">München</marc:subfield>
      <marc:subfield code="b">DHV - Der Hörverlag</marc:subfield>
      <marc:subfield code="c">2008</marc:subfield>
   </marc:datafield>
   <marc:datafield ind1="1" ind2=" " tag="520">
      <marc:subfield code="a">Angaben aus der Verlagsmeldung

A Long Way Down : Inszenierte Lesung / von Nick Hornby

Was machen vier schräge Vögel in der Silvesternacht zusammen auf dem Dach eines Londoner Hochhauses? Party? Weit gefehlt! Zufällig wollen sie sich alle gleichzeitig vom Dach stürzen. Doch, dass andere zusehen, macht die Sache nicht leichter. Also erstmal eine Runde plaudern – und sich dann verabreden, für den Valentinstag. Ereignisreiche Wochen machen aus Fremden Freunde fürs Leben… Inszenierte Lesung, 4 CD, Sprecher: Julia Hummer, Hille Darjes, Andreas Petri und Stefan Kaminski
</marc:subfield>
   </marc:datafield>
   <marc:datafield ind1=" " ind2=" " tag="020">
      <marc:subfield code="a">9783867172301</marc:subfield>
      <marc:subfield code="9">9783867172301</marc:subfield>
   </marc:datafield>
   <marc:datafield ind1=" " ind2=" " tag="300">
      <marc:subfield code="a">4 Teile</marc:subfield>
   </marc:datafield>
</marc:record>
